01029nam0a22002291 4500001001100000005001700011021002000028035002600048100004100074101000800115102000700123105001800130200034100148210003500489215002200524320003000546606010400576700006000680801001800740801002200758852001900780rc\315071220250530083855.0 aRUb[75-104179] a(NLR Aleph) 007321798 a20120615d1975 |||y0rusy50 ca0 arus aRU aa z |||||1 aЗубошлифование тарельчатыми абразивными кругамиeУчеб. пособие для студентов II-VI курсов мех. специальностейfИ.Н. ХанукаевgВсесоюз. заоч. инж.-строит. ин-т, Кафедра мех. обраб. металлов aМоскваcВЗИСИd1975 a70 с.cил.d21 aБиблиогр.: с. 69 aЗубчатые колесаxШлифованиеjПособия для заочников2psbo 1aХанукаевbИ.Н.gИслам Нисанович 0aRUbNLRgpsbo 1aRUbELAR2rusmarc aNLRj76-6/2537